000 00648nam a2200217 a 4500
001 22356
003 CO-ViMGA
008 141112s2004 ck r 000 u spa d
020 _a9583011703
040 _aCO-ViMGA
_bspa
_cCO-ViMGA
082 0 4 _aALOfl
100 1 _aAlfonso, Dora
_931714
245 1 0 _aLa flauta de chocolate
260 _aBogotá :
_bPanAméricana,
_c2004
300 _a64
490 _aQue pase el tren
590 _aForma de adquisición : Donacion - - Precio : 15.000 - - Fecha de adquisición : Febrero 2008
650 1 4 _aANIMALES - POESIAS INFANTILES 1
_931715
650 1 4 _aPOESIA INFANTIL CUBANA
_947639
942 _2ddc
_cBK
999 _c2603
_d2603